000 00940nac a22002291u 4500
020 _a9781859649190
082 _a371.30281
_bF272
090 _c4858
_d4858
100 _aFava-Verde, Amanda
245 _aCritical thinking/
_cAmanda Fava-Verde, Anthony Manning & Clare Nukui with Jennifer Book
_pCourse book
_nModule5
260 _aLondon:
_bGarnet pub.,2007
_c2007
300 _a34p.:
_bcol. ill.;
_c26 cm.
440 _aUniversity foundation study
650 _aStudy skills
650 _aLife skills
700 _aManning, Anthony
700 _aNukui, Clare
700 _aBook, Jennifer
942 _cTB
_k371.30281F272
999 _c4858
_d4858